LEADER 01074nam a2200241 4500 001 000000360604 003 CaOOAMICUS 005 20251029125302.0 008 241108s2024 it a 000 u ita r 040 $aSeMil$bita 100 1 $aAlzati, Cesare.$0(OLS)http://semarc/name/2564 245 12$aI Romeni e la Chiesa Romena Unita (greco-cattolica) :$bprofilo storico /$cCesare Alzati. 264 1$aMilano :$b[s.n.],$c2024$e(Azzate (VA) :$fArti Grafiche Tibiletti) 300 $a81 p. :$bill. ;$c30 cm 500 $aIn testa al front.: Nel cuore dell'Europa 650 4$aRomania - Chiesa - Storia.$0(OLS)http://semarc/subject/21295 650 4$aChiesa Ortodossa Rumena.$0(OLS)http://semarc/subject/12585 850 $aSeMil 852 $aSeMil$W1$xVenegono$y1$m3B VI 58$j264013$B251610$CSeMilBibl$Z2$F251610 $81 961 $aValli don Norberto - Omaggio 996 $6245$aI Romeni e la Chiesa Romena Unita (greco-cattolica) :$bprofilo storico$9(OLS)http://semarc/title/451123 996 $6264$aMilano :$b[s.n.]$9(OLS)http://semarc/publisher/29709 LEADER 01128nam a2200241 i 4500 001 000000191528 003 CaOOAMICUS 005 20100809000000.0 008 100809s1979 it u000 u ita u 013 $a170084 040 $aSeMil$bita 100 1 $aOtranto, Giorgio,$d<1940-2023>.$0(OLS)http://semarc/name/9449 245 10$aEsegesi biblica e storia in Giustino :$b(Dial. 63-84) /$cGiorgio Otranto. 260 $aBari :$bIstituto di Letteratura Cristiana Antica, Università degli Studi,$c1979. 300 $a281 p. ;$c23 cm. 490 0 $aQuaderni di Vetera Christianorum ;$v14 650 4$aGiustino - Opere.$0(OLS)http://semarc/subject/1493 830 0$aQuaderni di Vetera Christianorum ;$v14.$0(OLS)http://semarc/title/31198 850 $aSeMil 852 $aSeMil$W1$xVenegono$y1$m2U IV 114$j142142$B142142$CSeMilBibl$Z2$F153670 $81 961 $aRecupero: Altro 996 $6245$aEsegesi biblica e storia in Giustino :$b(Dial. 63-84)$9(OLS)http://semarc/title/275988 996 $6260$aBari :$bIstituto di Letteratura Cristiana Antica, Università degli Studi$9(OLS)http://semarc/publisher/31057